Statistics for Songs by OneRepublic

Click here to take the quiz!

General Stats

  • This quiz has been taken 380 times
  • The average score is 18 of 35

Answer Stats

AlbumSong% Correct
NativeCounting Stars
91%
Dreaming Out LoudApologize
80%
Waking UpSecrets
75%
Dreaming Out LoudStop and Stare
71%
Waking UpAll the Right Moves
70%
NativeI Lived
65%
Waking UpGood Life
64%
NativeIf I Lose Myself
59%
Waking UpWaking Up
56%
NativeFeel Again
55%
NativeSomething I Need
55%
NativeBurning Bridges
51%
Dreaming Out LoudSay (All I Need)
50%
Waking UpMarchin On
49%
Dreaming Out LoudMercy
49%
NativePreacher
46%
Dreaming Out LoudCome Home
45%
NativeCan't Stop
44%
Waking UpEverybody Loves Me
44%
NativeWhat You Wanted
44%
Dreaming Out LoudAll We Are
43%
Waking UpMade for You
43%
Dreaming Out LoudTyrant
43%
NativeLight It Up
42%
Waking UpLullaby
42%
Dreaming Out LoudProdigal
42%
Waking UpAll This Time
40%
NativeAu Revoir
40%
Dreaming Out LoudAll Fall Down
39%
Waking UpFear
39%
Dreaming Out LoudGoodbye, Apathy
39%
Dreaming Out LoudWon't Stop
38%
Dreaming Out LoudSomeone to Save You
35%
NativeDon't Look Down
34%
Waking UpMissing Persons 1 and 2
29%

Score Distribution

Percentile by Number Answered

Percent of People with Each Score

Your Score History

You have not taken this quiz